[Event "Medellin Amateur op"]
[Site "Medellin"]
[Date "2011.04.22"]
[Round "5.16"]
[White "Castano, Luis F"]
[Black "Builes Palacio, Santiago"]
[Result "0-1"]
[WhiteElo "1600"]
[BlackElo "1710"]
[PlyCount "33"]
[EventDate "2011.04.20"]
[EventType "swiss"]
[EventRounds "9"]
[EventCountry "COL"]
[SourceTitle "EXT 2024"]
[Source "ChessBase"]
[SourceDate "2023.10.10"]
[SourceVersion "1"]
[SourceVersionDate "2023.10.10"]
[SourceQuality "1"]

1. e4 e6 2. d4 d5 3. exd5 exd5 4. Nf3 Nf6 5. Bg5 Be7 6. h3 0-0 7. Bd3 h6 8. Bh4 Nh5 9. Bxe7 Qxe7+ 10. Qe2 Qb4+ 11. c3 Qb6 12. g3 Bd7 13. b3 Re8 14. Ne5 Nxg3 15. Qf3 f6 16. Qxg3 fxe5 17. dxe5 0-1